Academic English: Skills for Success / (Record no. 592971)

000 -LEADER
fixed length control field 00617nam a22001577a 4500
003 - CONTROL NUMBER IDENTIFIER
control field NUST
005 - DATE AND TIME OF LATEST TRANSACTION
control field 20230123090746.0
008 - FIXED-LENGTH DATA ELEMENTS--GENERAL INFORMATION
fixed length control field 230123b ||||| |||| 00| 0 eng d
082 ## - DEWEY DECIMAL CLASSIFICATION NUMBER
Classification number 371.302812,LEG
245 ## - TITLE STATEMENT
Title Academic English: Skills for Success /
Statement of responsibility, etc. Miranda Legg, Kevin Pat, Steve Roberts
250 ## - EDITION STATEMENT
Edition statement Second Edition
260 ## - PUBLICATION, DISTRIBUTION, ETC.
Place of publication, distribution, etc. Hong Kong
Name of publisher, distributor, etc. University Press
Date of publication, distribution, etc. 2014
300 ## - PHYSICAL DESCRIPTION
Extent xi, 191p.
505 ## - FORMATTED CONTENTS NOTE
Formatted contents note Introduction for students (Page-1), Health (Page-1), Global Issues (Page-31), Ethics (Page-61), China and Asia (Page-87), Values (Page-113), Academic Speaking (Page-134).
942 ## - ADDED ENTRY ELEMENTS (KOHA)
Source of classification or shelving scheme
Koha item type Book
Call number prefix 371.302812,LEG
Holdings
Withdrawn status Lost status Source of classification or shelving scheme Damaged status Not for loan Permanent Location Current Location Shelving location Date acquired Total Checkouts Full call number Barcode Date last seen Price effective from Koha item type Public note
          Military College of Signals (MCS) Military College of Signals (MCS) General Stacks 01/23/2023   371.302812,LEG MCS37702 01/23/2023 01/23/2023 Book Almirah No. 54, Shelf No. 2
© 2023 Central Library, National University of Sciences and Technology. All Rights Reserved.